Clic Qui chantait ? 1 chanson -> 1 interprète (16) - Statistiques

Statistiques générales
  • Ce quiz a été pris 80 fois
  • Le résultat moyen est 12 sur 25
Statistiques - réponses
Hint Réponse % Correct
Papaoutai Stromae
97%
Rue de la paix Zazie
83%
Maman Louane
72%
Sur un air latino Lorie
62%
L'Italien Serge Reggiani
62%
Respire encore Clara Luciani
60%
Quand je t'aime Demis Roussos
55%
Le bal des Laze Michel Polnareff
55%
Dominique Sœur Sourire
55%
La Maritza Sylvie Vartan
51%
L'éducation sentimentale Maxime Le Forestier
48%
Qui c'est celui-là Pierre Vassiliu
48%
La liste Rose
46%
Puissance et gloire Herbert Léonard
45%
Marinella Tino Rossi
43%
Chante Les Forbans
40%
Marylène Martin Circus
40%
Dans un vieux rock'n'roll William Sheller
38%
Les souliers verts Lynda Lemay
35%
Célimène David Martial
34%
Nice baie des anges Dick Rivers
32%
Les crêpes aux champignons Olivia Ruiz
31%
Quel souci la Boétie Claudia Philips
28%
Voulez-vous danser grand-mère Lina Margy
28%
Un tout petit pantin Sandie Shaw
15%
Aucun quiz correspondant
Distribution des résultats
% des personnes avec chaque résultat
Percentile par nombre de réponses
Votre historique - résultats
Vous n’avez pas pris ce quiz